Математическая модель определения вероятности дефолта субъектов и муниципалитетов; Перспективы развития фундаментальных наук

Detaylı Bibliyografya
Parent link:Перспективы развития фундаментальных наук.— 2014.— [С. 567-569]
Yazar: Герман А. В.
Müşterek Yazar: Национальный исследовательский Томский политехнический университет (ТПУ) Физико-технический институт (ФТИ) Кафедра высшей математики и математической физики (ВММФ)
Diğer Yazarlar: Мицель А. А. Артур Александрович (научный руководитель)
Özet:Заглавие с экрана
When it comes to the bond market, "credit rating" means one of the three rating agencies, Standard & Poors, Moody's and Fitch. And in this lies the problem, because procedure assigning one of the leading rating agencies credit rating is not free and, at the same time, there is a risk of failure of the assigned rating. Therefore, entities and municipalities would like to know your prospective rating before pay money for it agency.
Dil:Rusça
Baskı/Yayın Bilgisi: 2014
Seri Bilgileri:Математика
Konular:
Online Erişim:http://www.lib.tpu.ru/fulltext/c/2014/C21/190.pdf
Materyal Türü: Elektronik Kitap Bölümü
KOHA link:https://koha.lib.tpu.ru/cgi-bin/koha/opac-detail.pl?biblionumber=606938

MARC

LEADER 00000naa2a2200000 4500
001 606938
005 20260306141103.0
035 |a (RuTPU)RU\TPU\conf\4317 
035 |a RU\TPU\conf\4315 
090 |a 606938 
100 |a 20140621d2014 k y0rusy50 ca 
101 0 |a rus 
102 |a RU 
135 |a drcn ---uucaa 
181 0 |a i  
182 0 |a b 
200 1 |a Математическая модель определения вероятности дефолта субъектов и муниципалитетов  |d Developing mathematical model to determining the probability of default of subjects and municipalities  |f А. В. Герман  |g науч. рук. А. А. Мицель 
203 |a Текст  |c электронный 
215 |a 1 файл(357 Кб) 
225 1 |a Математика 
300 |a Заглавие с экрана 
320 |a [Библиогр.: с. 569 (4 назв.)] 
330 |a When it comes to the bond market, "credit rating" means one of the three rating agencies, Standard & Poors, Moody's and Fitch. And in this lies the problem, because procedure assigning one of the leading rating agencies credit rating is not free and, at the same time, there is a risk of failure of the assigned rating. Therefore, entities and municipalities would like to know your prospective rating before pay money for it agency. 
337 |a Adobe Reader 
463 1 |0 (RuTPU)RU\TPU\conf\3586  |t Перспективы развития фундаментальных наук  |l Prospects of fundamental sciences development  |o сборник научных трудов XI Международной конференция студентов и молодых ученых, г. Томск, 22-25 апреля 2014 г.  |f Национальный исследовательский Томский политехнический университет (ТПУ) ; под ред. Е. А. Вайтулевич  |v [С. 567-569]  |d 2014 
510 1 |a Developing mathematical model to determining the probability of default of subjects and municipalities  |z eng 
610 1 |a электронный ресурс 
610 1 |a труды учёных ТПУ 
610 1 |a математические модели 
610 1 |a вероятности 
610 1 |a дефолт 
610 1 |a субъекты 
610 1 |a муниципалитеты 
700 1 |a Герман  |b А. В. 
702 1 |a Мицель  |b А. А.  |c математик  |c профессор Томского политехнического университета, доктор технических наук  |f 1947-  |g Артур Александрович  |4 727 
712 0 2 |a Национальный исследовательский Томский политехнический университет (ТПУ)  |b Физико-технический институт (ФТИ)  |b Кафедра высшей математики и математической физики (ВММФ)  |3 (RuTPU)RU\TPU\col\18727 
801 1 |a RU  |b 63413507  |c 20101016 
801 2 |a RU  |b 63413507  |c 20140623  |g RCR 
856 4 |u http://www.lib.tpu.ru/fulltext/c/2014/C21/190.pdf 
942 |c CF